000 00568cam a22002172a 4500
001 009490
003 AR-FADEU
008 311216n1981####xxu####################dd
020 _a0-333-27829-1
092 _a428.3
_bM835m
245 _aThe WORDS you need
260 _aLondon
260 _bMacmillan
260 _c1981
300 _a211 p. : ilust., cuad., graf
500 _aWith exercises' book
700 _aB., Rudzka
650 _a/LINGUISTICA/INGLES-USO; EXPRESION ORAL Y ESCRITA; LEXICO-ADQUISICION/REVISADO/
546 _aInglés
942 _cBDGR
999 _c15287
_d15287